Completion of standard form of consultant's appointment Scottish edition (Record no. 110114)

MARC details
000 -LEADER
fixed length control field 00912cad a22002415a 4500
001 - CONTROL NUMBER
control field E148573
008 - FIXED-LENGTH DATA ELEMENTS--GENERAL INFORMATION
fixed length control field 091005s2008 xxk f 000 0 eng d
020 ## - INTERNATIONAL STANDARD BOOK NUMBER
International Standard Book Number 9781842193792
035 ## - SYSTEM CONTROL NUMBER
System control number (Sirsi) u148573
041 0# - LANGUAGE CODE
Language code of text/sound track or separate title eng
050 04 - LIBRARY OF CONGRESS CALL NUMBER
Classification number 658.404 $2 18
110 2# - MAIN ENTRY--CORPORATE NAME
Corporate name or jurisdiction name as entry element Royal Institution of Chartered Surveyors
9 (RLIN) 4900
245 00 - TITLE STATEMENT
Title Completion of standard form of consultant's appointment Scottish edition
Remainder of title explanatory notes
260 ## - PUBLICATION, DISTRIBUTION, ETC.
Place of publication, distribution, etc. Coventry
Name of publisher, distributor, etc. RICS
Date of publication, distribution, etc. 2008
300 ## - PHYSICAL DESCRIPTION
Extent iv, 18p.
Dimensions 30cm.
505 2# - FORMATTED CONTENTS NOTE
Formatted contents note Part A: introduction -- Part B: notes on specific provisions -- Part C: notes on schedules -- Part D: execution provisions
520 ## - SUMMARY, ETC.
Summary, etc. Provides guidance for completion of the RICS Scotland standard form of consultant's appointment (E148572).
521 ## - TARGET AUDIENCE NOTE
Target audience note Advanced
590 ## - LOCAL NOTE (RLIN)
Local note KA
651 #4 - SUBJECT ADDED ENTRY--GEOGRAPHIC NAME
Geographic name Scotland
Chronological subdivision 1999-
690 ## - LOCAL SUBJECT ADDED ENTRY--TOPICAL TERM (OCLC, RLIN)
Topical term or geographic name as entry element MANAGEMENT-BUSINESS MANAGEMENT-PROFESSIONAL PRACTICE
942 ## - ADDED ENTRY ELEMENTS (KOHA)
Suppress in OPAC 0
Source of classification or shelving scheme Dewey Decimal Classification
Holdings
Withdrawn status Lost status Source of classification or shelving scheme Damaged status Not for loan Home library Current library Shelving location Date acquired Total Checkouts Full call number Barcode Date last seen Copy number Price effective from Koha item type
    Dewey Decimal Classification     London London RICS Boxes 14/06/2011   RICS 2008/75 30077015 06/08/2019 1 06/08/2019 Reference material